Flip, float, fly : (Record no. 2854)

MARC details
000 -LEADER
fixed length control field 01567nam a22002657a 4500
005 - DATE AND TIME OF LATEST TRANSACTION
control field 20240117153002.0
020 ## - INTERNATIONAL STANDARD BOOK NUMBER
International Standard Book Number 9780545163484
040 ## - CATALOGING SOURCE
Original cataloging agency DLC
Transcribing agency DLC
Modifying agency DLC
Language of cataloging eng
050 00 - LIBRARY OF CONGRESS CALL NUMBER
Classification number QK929.M23
Item number 2008
082 00 - DEWEY DECIMAL CLASSIFICATION NUMBER
Classification number 581.467
100 1# - MAIN ENTRY--PERSONAL NAME
Personal name Macken, JoAnn Early
Dates associated with a name 1953-
245 10 - TITLE STATEMENT
Title Flip, float, fly :
Remainder of title seeds on the move /
Statement of responsibility, etc. by JoAnn Early Macken ; illustrated by Pam Paparone
250 ## - EDITION STATEMENT
Edition statement First Scholastic printing , April 2009
260 ## - PUBLICATION, DISTRIBUTION, ETC.
Place of publication, distribution, etc. New York :
Name of publisher, distributor, etc. Scholastic ;
Date of publication, distribution, etc. 2008
300 ## - PHYSICAL DESCRIPTION
Extent 28 unnumbered pages :
Other physical details color illustrations ;
Dimensions 24 cm.
505 ## - FORMATTED CONTENTS NOTE
Formatted contents note K <br/>
520 ## - SUMMARY, ETC.
Summary, etc. Explore how seeds travel from the plants they form on to the places they'll grow! Spinning like a shiny green helicopter, a maple seed floats on the wind. Where will it land? Seeds splash away in raindrops, slide across the snow, and hitch rides on birds and animals--and even people's clothing. For anyone who's ever blown the fluff of a dandelion and wondered where it went, this is the perfect introduction to plant life cycles and seed dispersals for young readers. The simple, poetic text is paired with detailed illustrations and close-ups of seeds, pods, and other parts of plants. A brief illustrated glossary and a note on why seeds travel so far is included. Perfect for fans of Gail Gibbons' From Seed to Plant.
521 ## - TARGET AUDIENCE NOTE
Target audience note 520 <br/><br/>
Source Lexile <br/>
521 ## - TARGET AUDIENCE NOTE
Target audience note K <br/>
Source Raz-Plus <br/>
650 #0 - SUBJECT ADDED ENTRY--TOPICAL TERM
Topical term or geographic name entry element Seeds
General subdivision Dispersal
Form subdivision Juvenile literature.
700 1# - ADDED ENTRY--PERSONAL NAME
Personal name Paparone, Pamela
Relator term illustrator
906 ## - LOCAL DATA ELEMENT F, LDF (RLIN)
a 7
b cbc
c orignew
d 1
e ecip
f 20
g y-gencatlg
942 ## - ADDED ENTRY ELEMENTS (KOHA)
Source of classification or shelving scheme Dewey Decimal Classification
Koha item type Books
Suppress in OPAC No
999 ## -
-- 2854
-- 2854
Holdings
Withdrawn status Lost status Source of classification or shelving scheme Damaged status Not for loan Collection Home library Current library Shelving location Date acquired Total Checkouts Full call number Barcode Date last seen Copy number Price effective from Koha item type
    Dewey Decimal Classification     Non-Fiction Footprints International School Library Network Toul Kork Campus Footprints International School Library Network Toul Kork Campus   01/17/2024   MAC 581.467 QK929.M23 FISBK01815 01/17/2024 1 01/17/2024 Books
    Dewey Decimal Classification     Non-Fiction Footprints International School Library Network Toul Kork Campus Footprints International School Library Network Toul Kork Campus   01/17/2024   MAC 581.467 QK929.M23 FISBK01816 01/30/2024 2 01/17/2024 Books